| 000 | 00358nam a2200145Ia 4500 | ||
|---|---|---|---|
| 008 | 230917s9999||||xx |||||||||||||| ||und|| | ||
| 040 |
_e180870 _aMAIN |
||
| 041 | _aEnglish | ||
| 082 | _a823.7 E44M:G | ||
| 100 | _aMcDonagh, Josephine | ||
| 245 | 0 | _aGeorge Eliot | |
| 260 |
_aNew Delhi _bAtlantic Publishers _c2010 |
||
| 300 | _axiii, 114 p. | ||
| 942 | _cBK | ||
| 999 |
_c151042 _d151042 |
||